[Event "GER Cup Net V4 U2400"]
[Site "Playchess.com INT"]
[Date "2020.05.31"]
[Round "3"]
[White "Joeres, Stefan"]
[Black "Gutheil, Heinrich"]
[Result "0-1"]
[WhiteElo "2173"]
[BlackElo "2037"]
[PlyCount "138"]
[EventDate "2020.05.31"]
[EventType "swiss (blitz)"]
[EventRounds "9"]
[EventCountry "GER"]
[SourceTitle "EXT 2021"]
[Source "ChessBase"]
[SourceDate "2020.10.23"]
[SourceVersion "1"]
[SourceVersionDate "2020.10.23"]
[SourceQuality "1"]

1. d4 g6 2. c4 Bg7 3. f3 c5 4. dxc5 Na6 5. e4 Nxc5 6. Nc3 d6 7. Bd3 Nf6 8. Nge2 0-0 9. 0-0 Nxd3 10. Qxd3 a6 11. Be3 b5 12. cxb5 axb5 13. Nxb5 Ba6 14. Nec3 Qa5 15. a4 Rfb8 16. Bd2 Qb6+ 17. Be3 Qa5 18. Rfb1 Nd7 19. Bd4 Qb4 20. Nd5 Bxd4+ 21. Qxd4 Qxd4+ 22. Nxd4 Kf8 23. b4 Bc4 24. a5 e6 25. Ne3 Bb5 26. Nxb5 Rxb5 27. Nc4 Ke7 28. Na3 Rb7 29. Nc2 Ne5 30. b5 Nc4 31. Nd4 Kd7 32. Ra4 d5 33. exd5 exd5 34. a6 Rb6 35. Nc6 Nd6 36. Nd4 Nc4 37. Ra2 Kd6 38. a7 Rb7 39. b6 Rxb6 40. Rxb6+ Nxb6 41. Ra5 Nc8 42. Nb5+ Kc6 43. Nc3 Rxa7 44. Rxd5 Ra1+ 45. Kf2 Nd6 46. Rd3 Rc1 47. Ne2 Rc2 48. Ke1 Nb5 49. Rb3 Rxe2+ 50. Kf1 Re7 51. Rb4 Nd6 52. Rf4 Kd7 53. h4 Ke6 54. g4 f5 55. Kf2 fxg4 56. fxg4 Rf7 57. Rxf7 Nxf7 58. Kf3 Ke5 59. Ke3 h5 60. Kf3 Nd6 61. Kg3 Ne4+ 62. Kf3 Nf6 63. gxh5 gxh5 64. Ke3 Kf5 65. Kf3 Ne4 66. Ke3 Nd6 67. Kf3 Nc4 68. Kg3 Ne5 69. Kh3 Kf4 0-1

[Event "GER Cup Net V4 U2400"]
[Site "Playchess.com INT"]
[Date "2020.05.31"]
[Round "6"]
[White "Koellner, Christof"]
[Black "Joeres, Stefan"]
[Result "0-1"]
[WhiteElo "1985"]
[BlackElo "2130"]
[PlyCount "130"]
[EventDate "2020.05.31"]
[EventType "swiss (blitz)"]
[EventRounds "9"]
[EventCountry "GER"]
[SourceTitle "EXT 2021"]
[Source "ChessBase"]
[SourceDate "2020.10.23"]
[SourceVersion "1"]
[SourceVersionDate "2020.10.23"]
[SourceQuality "1"]

1. d4 Nf6 2. Bg5 c5 3. Bxf6 gxf6 4. d5 Qb6 5. Qc1 d6 6. c4 Bg7 7. Nc3 0-0 8. Qc2 Nd7 9. e3 Ne5 10. Nf3 Bg4 11. Nxe5 fxe5 12. Bd3 h6 13. h3 Bd7 14. 0-0 f5 15. Rab1 f4 16. exf4 Rxf4 17. Ne4 Raf8 18. b3 Qd8 19. Qe2 Qe8 20. Ng3 Qf7 21. Nh5 Rh4 22. Ng3 Qf4 23. Rbe1 Qg5 24. Ne4 Qh5 25. Qxh5 Rxh5 26. Ng3 Rh4 27. Re4 Rxe4 28. Bxe4 Bf6 29. f3 Bh4 30. Ne2 Rb8 31. a4 a6 32. a5 Bg5 33. g3 Be3+ 34. Kg2 Kf7 35. Bd3 Rg8 36. f4 exf4 37. Nxf4 Ke8 38. Nh5 Bd2 39. Ra1 Bc3 40. Ra2 Be5 41. g4 Rf8 42. Be4 Kd8 43. Bf3 Be8 44. Ng3 Bg6 45. Ne4 Bxe4 46. Bxe4 Rf4 47. Bf3 Bc3 48. Ra4 Rd4 49. Kg3 Rd2 50. Kf4 Rb2 51. h4 Rxb3 52. g5 hxg5+ 53. hxg5 Bd2+ 54. Kg4 Rb1 55. Be4 Rg1+ 56. Kf5 Rxg5+ 57. Ke6 Re5+ 58. Kf7 Rxe4 59. Ra2 Bg5 60. Rg2 Bf6 61. Rg8+ Kc7 62. Ke8 Rxc4 63. Rf8 Ra4 64. Rf7 Rxa5 65. Rh7 Ra1 0-1

[Event "GER Cup Net V3 U2400"]
[Site "Playchess.com INT"]
[Date "2020.05.27"]
[Round "3"]
[White "Commercon, Simon"]
[Black "Joeres, Stefan"]
[Result "0-1"]
[WhiteElo "2041"]
[BlackElo "2087"]
[PlyCount "82"]
[EventDate "2020.05.27"]
[EventType "swiss (blitz)"]
[EventRounds "9"]
[EventCountry "GER"]
[SourceTitle "EXT 2021"]
[Source "ChessBase"]
[SourceDate "2020.10.23"]
[SourceVersion "1"]
[SourceVersionDate "2020.10.23"]
[SourceQuality "1"]

1. d4 Nf6 2. c4 g6 3. Nc3 Bg7 4. Nf3 0-0 5. g3 d6 6. Bg2 Nc6 7. 0-0 e5 8. d5 Nb8 9. e4 a5 10. Ne1 Na6 11. Nd3 Nd7 12. Be3 b6 13. Qd2 Ndc5 14. Rad1 f5 15. f4 fxe4 16. Nxc5 Nxc5 17. fxe5 Bxe5 18. Rxf8+ Qxf8 19. Nxe4 Nxe4 20. Bxe4 Bh3 21. Bg2 Bxg2 22. Kxg2 Qf5 23. b3 Rf8 24. Qe2 Qe4+ 25. Kg1 Rf3 26. Rd3 Kf7 27. Qd2 g5 28. a3 Kg6 29. Qe2 Kf5 30. b4 axb4 31. axb4 g4 32. c5 bxc5 33. bxc5 h5 34. cxd6 cxd6 35. Rb3 Bd4 36. Qd3 Qxd3 37. Rxd3 Bxe3+ 38. Kg2 Ke4 39. Ra3 Rf2+ 40. Kh1 Rf1+ 41. Kg2 Rg1# 0-1

[Event "GER Cup Net V2 U2400"]
[Site "Playchess.com INT"]
[Date "2020.05.22"]
[Round "6"]
[White "Leibbrand, Udo Manfred"]
[Black "Joeres, Stefan"]
[Result "1/2-1/2"]
[WhiteElo "1968"]
[BlackElo "2047"]
[PlyCount "140"]
[EventDate "2020.05.22"]
[EventType "swiss (blitz)"]
[EventRounds "9"]
[EventCountry "GER"]
[SourceTitle "EXT 2021"]
[Source "ChessBase"]
[SourceDate "2020.10.23"]
[SourceVersion "1"]
[SourceVersionDate "2020.10.23"]
[SourceQuality "1"]

1. c4 Nf6 2. Nc3 b6 3. e4 e5 4. Nf3 Nc6 5. d4 exd4 6. Nxd4 Bb7 7. f3 Bb4 8. Qd2 Qe7 9. a3 Nxd4 10. Qxd4 Bc5 11. Qd3 0-0 12. Bg5 h6 13. Bh4 Qe5 14. Bg3 Qe6 15. 0-0-0 c6 16. Kb1 Rfd8 17. Bc7 Rdc8 18. Bf4 Rd8 19. Bc7 Rdc8 20. Bf4 a6 21. Bd6 Rd8 22. Bxc5 bxc5 23. Qd6 Qe8 24. e5 Nh7 25. f4 Nf8 26. Qxc5 Ne6 27. Qe3 c5 28. Bd3 Nd4 29. Be4 Rab8 30. Rxd4 cxd4 31. Qxd4 Bxe4+ 32. Nxe4 d6 33. Nxd6 Qc6 34. Qd5 Qc7 35. c5 Rf8 36. Rc1 Kh8 37. Rc2 Qd7 38. Ka2 Rbd8 39. c6 Qc7 40. Rd2 Kg8 41. f5 Qe7 42. g4 Rfe8 43. Re2 Rf8 44. Qd3 Rfe8 45. f6 gxf6 46. Qf5 Qe6+ 47. Qxe6 Rxe6 48. c7 Rf8 49. c8Q Rxc8 50. Nxc8 fxe5 51. Na7 Rb6 52. Nc8 Re6 53. Rc2 e4 54. a4 e3 55. Re2 h5 56. a5 hxg4 57. Nb6 f5 58. Nd5 Re5 59. Nxe3 f4 60. Rg2 fxe3 61. Rxg4+ Kf7 62. Rg1 Rxa5+ 63. Kb3 Rh5 64. Re1 Rh3 65. Kc3 Ke6 66. Kd3 Kd5 67. Rxe3 Rxh2 68. Kc3 Kc5 69. Re5+ Kb6 70. b3 Rh6 1/2-1/2

[Event "GER Cup Net V1 U2400"]
[Site "Playchess.com INT"]
[Date "2020.05.19"]
[Round "4"]
[White "Berger, Steve"]
[Black "Joeres, Stefan"]
[Result "1-0"]
[WhiteElo "2214"]
[BlackElo "1971"]
[PlyCount "81"]
[EventDate "2020.05.19"]
[EventType "swiss (blitz)"]
[EventRounds "9"]
[EventCountry "GER"]
[SourceTitle "EXT 2021"]
[Source "ChessBase"]
[SourceDate "2020.10.23"]
[SourceVersion "1"]
[SourceVersionDate "2020.10.23"]
[SourceQuality "1"]

1. e4 c5 2. Nc3 Nc6 3. Nge2 g6 4. d4 cxd4 5. Nxd4 Bg7 6. Nde2 Nf6 7. g3 0-0 8. Bg2 d6 9. 0-0 Bd7 10. Re1 Rc8 11. Nd5 Nxd5 12. exd5 Nb4 13. c3 Na6 14. Nd4 Nc5 15. Bg5 Re8 16. Qd2 a5 17. h3 a4 18. Re2 a3 19. b3 f6 20. Be3 b5 21. Rae1 Kf7 22. g4 Rc7 23. Nc2 Qa8 24. Nb4 Na6 25. Nxa6 Qxa6 26. Bd4 Bf8 27. Be4 Qc8 28. f3 f5 29. Bd3 fxg4 30. hxg4 e5 31. dxe6+ Rxe6 32. Qf4+ Kg8 33. Rxe6 Bxe6 34. Qf6 Re7 35. Qh8+ Kf7 36. Bf6 Bxg4 37. Rxe7+ Bxe7 38. Qg7+ Ke6 39. Qxe7+ Kd5 40. Qe4+ Kc5 41. Bd4# 1-0

[Event "GER Cup Net V1 U2400"]
[Site "Playchess.com INT"]
[Date "2020.05.19"]
[Round "7"]
[White "Joeres, Stefan"]
[Black "Commercon, Simon"]
[Result "1-0"]
[WhiteElo "1974"]
[BlackElo "2085"]
[PlyCount "107"]
[EventDate "2020.05.19"]
[EventType "swiss (blitz)"]
[EventRounds "9"]
[EventCountry "GER"]
[SourceTitle "EXT 2021"]
[Source "ChessBase"]
[SourceDate "2020.10.23"]
[SourceVersion "1"]
[SourceVersionDate "2020.10.23"]
[SourceQuality "1"]

1. e4 d6 2. d4 Nf6 3. Nc3 g6 4. Bg5 Nbd7 5. Nf3 h6 6. Bf4 c5 7. e5 Nh5 8. Be3 cxd4 9. Bxd4 dxe5 10. Nxe5 Bg7 11. Nxd7 Bxd7 12. Bxg7 Nxg7 13. Bd3 Bc6 14. 0-0 0-0 15. Be4 Rc8 16. Bxc6 Rxc6 17. Qe2 e6 18. Ne4 Nf5 19. c3 Kg7 20. Rad1 Qc7 21. Rd2 Rd8 22. Rfd1 Rxd2 23. Qxd2 Qe5 24. f3 Rb6 25. b3 Rc6 26. c4 a6 27. Qd7 Rc7 28. Qd3 g5 29. Nf2 Qe3 30. Qxe3 Nxe3 31. Rd3 Nf5 32. Ne4 Nh4 33. Kf2 Ng6 34. g3 b5 35. c5 f5 36. c6 fxe4 37. Rd7+ Kf6 38. Rxc7 exf3 39. Rd7 Ne5 40. c7 Nxd7 41. c8Q Ne5 42. Qf8+ Kg6 43. Qd6 Kf5 44. Qxa6 b4 45. Qb5 g4 46. Ke3 Kf6 47. Ke4 Nf7 48. Qxb4 Ng5+ 49. Ke3 h5 50. Qf8+ Kg6 51. a4 Nf7 52. a5 Ne5 53. a6 Nc6 54. Qe8+ 1-0

[Event "GER Cup Net V1 U2400"]
[Site "Playchess.com INT"]
[Date "2020.05.19"]
[Round "5"]
[White "Volkmer, Andreas"]
[Black "Joeres, Stefan"]
[Result "0-1"]
[WhiteElo "2041"]
[BlackElo "1964"]
[PlyCount "90"]
[EventDate "2020.05.19"]
[EventType "swiss (blitz)"]
[EventRounds "9"]
[EventCountry "GER"]
[SourceTitle "EXT 2021"]
[Source "ChessBase"]
[SourceDate "2020.10.23"]
[SourceVersion "1"]
[SourceVersionDate "2020.10.23"]
[SourceQuality "1"]

1. Nc3 c5 2. e4 Nc6 3. Nf3 g6 4. Bc4 Bg7 5. 0-0 e6 6. Re1 Nge7 7. a3 0-0 8. Ba2 d5 9. d3 b6 10. Bg5 Qc7 11. Qd2 d4 12. Ne2 Ne5 13. Nxe5 Bxe5 14. f4 Bg7 15. Rf1 h6 16. Bh4 Bb7 17. Bg3 Qd7 18. Rad1 Kh7 19. c3 Nc6 20. c4 f5 21. Bb1 Rae8 22. Nc1 e5 23. Rde1 fxe4 24. dxe4 exf4 25. Bxf4 Ne5 26. b3 Rf7 27. Nd3 Nxd3 28. Bxd3 Ref8 29. b4 Qg4 30. h3 Qh4 31. Bd6 Rxf1+ 32. Bxf1 Re8 33. bxc5 bxc5 34. Bxc5 Rxe4 35. Rxe4 Qxe4 36. Qd3 Qf4 37. Bxa7 Be5 38. Bb6 Qh2+ 39. Kf2 Bf6 40. Ke2 Qf4 41. Kd1 Be4 42. Qd2 Qxf1+ 43. Qe1 Bc2+ 44. Kd2 Bg5+ 45. Kxc2 Qxe1 0-1

[Event "GER-ch U18 sf Berlin Online"]
[Site "Playchess.com INT"]
[Date "2020.05.01"]
[Round "7"]
[White "Fromm, Marius"]
[Black "Joeres, Stefan"]
[Result "0-1"]
[WhiteElo "2038"]
[BlackElo "1769"]
[PlyCount "64"]
[EventDate "2020.05.01"]
[EventType "swiss (blitz)"]
[EventRounds "13"]
[EventCountry "GER"]
[SourceTitle "CBM 195 Extra"]
[Source "ChessBase"]
[SourceDate "2020.05.31"]
[SourceVersion "1"]
[SourceVersionDate "2020.05.31"]
[SourceQuality "1"]

1. Nf3 Nf6 2. c4 g6 3. Nc3 Bg7 4. g3 0-0 5. Bg2 d6 6. d4 Nc6 7. 0-0 e5 8. dxe5 Nxe5 9. Bg5 Nxc4 10. Qb3 Nb6 11. Rfd1 h6 12. Bf4 Be6 13. Qc2 Qe7 14. Nd4 d5 15. Nxe6 fxe6 16. Qxg6 Qf7 17. Qxf7+ Rxf7 18. e4 c6 19. Bh3 Re8 20. Rac1 e5 21. Bd2 d4 22. Ne2 Nxe4 23. f4 Nxd2 24. Rxd2 exf4 25. Nxf4 Rfe7 26. Kf2 Bf6 27. Nh5 Bg5 28. Nf4 Bxf4 29. gxf4 Re4 30. Kf3 Nd5 31. f5 Re3+ 32. Kg2 Nf4+ 0-1

[Event "GER-ch U18 sf Berlin Online"]
[Site "Playchess.com INT"]
[Date "2020.05.01"]
[Round "8"]
[White "Joeres, Stefan"]
[Black "Spitzl, Vinzent"]
[Result "1-0"]
[WhiteElo "1769"]
[BlackElo "2063"]
[PlyCount "137"]
[EventDate "2020.05.01"]
[EventType "swiss (blitz)"]
[EventRounds "13"]
[EventCountry "GER"]
[SourceTitle "CBM 195 Extra"]
[Source "ChessBase"]
[SourceDate "2020.05.31"]
[SourceVersion "1"]
[SourceVersionDate "2020.05.31"]
[SourceQuality "1"]

1. e4 c6 2. d3 d5 3. Nd2 g6 4. Ngf3 Bg7 5. g3 Nf6 6. Bg2 0-0 7. 0-0 Re8 8. e5 Nfd7 9. d4 c5 10. c3 cxd4 11. cxd4 Nf8 12. Re1 Nc6 13. Nb3 Bf5 14. Bd2 Ne6 15. Rc1 Be4 16. Be3 Rc8 17. Nfd2 Bxg2 18. Kxg2 Qb6 19. Nf3 Qa6 20. a3 Na5 21. Nxa5 Qxa5 22. Qb3 Qb6 23. Qxd5 Qxb2 24. Rb1 Qxa3 25. Qxb7 a5 26. Ra1 Qc3 27. Rec1 Qb4 28. Rcb1 Qxb7 29. Rxb7 f6 30. exf6 Bxf6 31. Rxa5 Ng7 32. Bg5 Bxg5 33. Nxg5 h6 34. Nf3 Rcd8 35. Raa7 Nf5 36. Rd7 Rxd7 37. Rxd7 Kf7 38. Ra7 Nd6 39. Ne5+ Kf6 40. Kf3 Rc8 41. Nd7+ Kf7 42. Ne5+ Kf6 43. Ng4+ Ke6 44. Nxh6 Rh8 45. Ng4 Rf8+ 46. Kg2 Nf5 47. Ne5 Rg8 48. Ra6+ Nd6 49. Nc4 Kd5 50. Nxd6 exd6 51. Kf3 Rd8 52. Ke3 Re8+ 53. Kd3 Re1 54. Ra5+ Ke6 55. h4 Rd1+ 56. Ke3 Re1+ 57. Kf4 Rd1 58. Kg5 Rxd4 59. Kxg6 Rd2 60. f4 d5 61. Ra6+ Kd7 62. g4 d4 63. f5 d3 64. Ra4 Rd1 65. g5 d2 66. Rd4+ Ke8 67. h5 Kf8 68. h6 Ke7 69. h7 1-0